<?xml version="1.0" encoding="UTF-8"?>
<record
    xmlns:xsi="http://www.w3.org/2001/XMLSchema-instance"
    xsi:schemaLocation="http://www.loc.gov/MARC21/slim http://www.loc.gov/standards/marcxml/schema/MARC21slim.xsd"
    xmlns="http://www.loc.gov/MARC21/slim">

  <leader>02302nam a22002777a 4500</leader>
  <controlfield tag="003">NALT</controlfield>
  <controlfield tag="005">20250312155029.0</controlfield>
  <controlfield tag="008">250222b        th ||||| |||| 00| 0 tha d</controlfield>
  <datafield tag="020" ind1=" " ind2=" ">
    <subfield code="a">9747629739</subfield>
  </datafield>
  <datafield tag="040" ind1=" " ind2=" ">
    <subfield code="a">NALT</subfield>
  </datafield>
  <datafield tag="041" ind1=" " ind2=" ">
    <subfield code="a">tha</subfield>
  </datafield>
  <datafield tag="090" ind1=" " ind2=" ">
    <subfield code="a">KE 151</subfield>
    <subfield code="b">&#xE28;365&#xE02; 2555</subfield>
  </datafield>
  <datafield tag="110" ind1="2" ind2=" ">
    <subfield code="9">6264</subfield>
    <subfield code="a">&#xE2A;&#xE33;&#xE19;&#xE31;&#xE01;&#xE07;&#xE32;&#xE19;&#xE28;&#xE32;&#xE25;&#xE1B;&#xE01;&#xE04;&#xE23;&#xE2D;&#xE07;</subfield>
    <subfield code="b">&#xE2A;&#xE33;&#xE19;&#xE31;&#xE01;&#xE1B;&#xE23;&#xE30;&#xE0A;&#xE32;&#xE2A;&#xE31;&#xE21;&#xE1E;&#xE31;&#xE19;&#xE18;&#xE4C;</subfield>
  </datafield>
  <datafield tag="245" ind1="1" ind2="0">
    <subfield code="a">&#xE02;&#xE49;&#xE2D;&#xE04;&#xE27;&#xE23;&#xE23;&#xE39;&#xE49;&#xE01;&#xE48;&#xE2D;&#xE19;&#xE44;&#xE1B;&#xE28;&#xE32;&#xE25;&#xE1B;&#xE01;&#xE04;&#xE23;&#xE2D;&#xE07; /</subfield>
    <subfield code="c">&#xE2A;&#xE33;&#xE19;&#xE31;&#xE01;&#xE1B;&#xE23;&#xE30;&#xE0A;&#xE32;&#xE2A;&#xE31;&#xE21;&#xE1E;&#xE31;&#xE19;&#xE18;&#xE4C; &#xE2A;&#xE33;&#xE19;&#xE31;&#xE01;&#xE07;&#xE32;&#xE19;&#xE28;&#xE32;&#xE25;&#xE1B;&#xE01;&#xE04;&#xE23;&#xE2D;&#xE07;.</subfield>
  </datafield>
  <datafield tag="250" ind1=" " ind2=" ">
    <subfield code="a">&#xE1E;&#xE34;&#xE21;&#xE1E;&#xE4C;&#xE04;&#xE23;&#xE31;&#xE49;&#xE07;&#xE17;&#xE35;&#xE48; 10.</subfield>
  </datafield>
  <datafield tag="260" ind1=" " ind2=" ">
    <subfield code="a">&#xE01;&#xE23;&#xE38;&#xE07;&#xE40;&#xE17;&#xE1E;&#xE2F; :</subfield>
    <subfield code="b">&#xE2A;&#xE33;&#xE19;&#xE31;&#xE01;&#xE1B;&#xE23;&#xE30;&#xE0A;&#xE32;&#xE2A;&#xE31;&#xE21;&#xE1E;&#xE31;&#xE19;&#xE18;&#xE4C; &#xE2A;&#xE33;&#xE19;&#xE31;&#xE01;&#xE07;&#xE32;&#xE19;&#xE28;&#xE32;&#xE25;&#xE1B;&#xE01;&#xE04;&#xE23;&#xE2D;&#xE07;,</subfield>
    <subfield code="c">2555.</subfield>
  </datafield>
  <datafield tag="300" ind1=" " ind2=" ">
    <subfield code="a">52 &#xE2B;&#xE19;&#xE49;&#xE32; :</subfield>
    <subfield code="b">&#xE20;&#xE32;&#xE1E;&#xE1B;&#xE23;&#xE30;&#xE01;&#xE2D;&#xE1A; ;</subfield>
    <subfield code="c">21 &#xE0B;&#xE21;.</subfield>
  </datafield>
  <datafield tag="505" ind1="0" ind2=" ">
    <subfield code="a">&#xE28;&#xE32;&#xE25;&#xE1B;&#xE01;&#xE04;&#xE23;&#xE2D;&#xE07;&#xE04;&#xE37;&#xE2D;&#xE2D;&#xE30;&#xE44;&#xE23;? -- &#xE2B;&#xE19;&#xE48;&#xE27;&#xE22;&#xE07;&#xE32;&#xE19;&#xE17;&#xE32;&#xE07;&#xE1B;&#xE01;&#xE04;&#xE23;&#xE2D;&#xE07;&#xE41;&#xE25;&#xE30;&#xE40;&#xE08;&#xE49;&#xE32;&#xE2B;&#xE19;&#xE49;&#xE32;&#xE17;&#xE35;&#xE48;&#xE02;&#xE2D;&#xE07;&#xE23;&#xE31;&#xE10;&#xE43;&#xE14;&#xE1A;&#xE49;&#xE32;&#xE07;&#xE17;&#xE35;&#xE48;&#xE2D;&#xE32;&#xE08;&#xE16;&#xE39;&#xE01;&#xE1F;&#xE49;&#xE2D;&#xE07;&#xE04;&#xE14;&#xE35;&#xE15;&#xE48;&#xE2D;&#xE28;&#xE32;&#xE25;&#xE1B;&#xE01;&#xE04;&#xE23;&#xE2D;&#xE07;? -- &#xE04;&#xE14;&#xE35;&#xE1B;&#xE01;&#xE04;&#xE23;&#xE2D;&#xE07;&#xE1B;&#xE23;&#xE30;&#xE40;&#xE20;&#xE17;&#xE43;&#xE14;&#xE17;&#xE35;&#xE48;&#xE2D;&#xE32;&#xE08;&#xE1F;&#xE49;&#xE2D;&#xE07;&#xE15;&#xE48;&#xE2D;&#xE28;&#xE32;&#xE25;&#xE1B;&#xE01;&#xE04;&#xE23;&#xE2D;&#xE07;&#xE44;&#xE14;&#xE49;? -- &#xE04;&#xE14;&#xE35;&#xE1B;&#xE23;&#xE30;&#xE40;&#xE20;&#xE17;&#xE43;&#xE14;&#xE17;&#xE35;&#xE48;&#xE44;&#xE21;&#xE48;&#xE2D;&#xE22;&#xE39;&#xE48;&#xE43;&#xE19;&#xE2D;&#xE33;&#xE19;&#xE32;&#xE08;&#xE02;&#xE2D;&#xE07;&#xE28;&#xE32;&#xE25;&#xE1B;&#xE01;&#xE04;&#xE23;&#xE2D;&#xE07;? -- &#xE1F;&#xE49;&#xE2D;&#xE07;&#xE04;&#xE14;&#xE35;&#xE15;&#xE48;&#xE2D;&#xE28;&#xE32;&#xE25;&#xE1B;&#xE01;&#xE04;&#xE23;&#xE2D;&#xE07;&#xE15;&#xE49;&#xE2D;&#xE07;&#xE1B;&#xE0F;&#xE34;&#xE1A;&#xE31;&#xE15;&#xE34;&#xE15;&#xE32;&#xE21;&#xE40;&#xE07;&#xE37;&#xE48;&#xE2D;&#xE19;&#xE44;&#xE02;&#xE43;&#xE14;&#xE1A;&#xE49;&#xE32;&#xE07;? -- &#xE1F;&#xE49;&#xE2D;&#xE07;&#xE04;&#xE14;&#xE35;&#xE15;&#xE48;&#xE2D;&#xE28;&#xE32;&#xE25;&#xE1B;&#xE01;&#xE04;&#xE23;&#xE2D;&#xE07;&#xE15;&#xE49;&#xE2D;&#xE07;&#xE40;&#xE2A;&#xE35;&#xE22;&#xE04;&#xE48;&#xE32;&#xE18;&#xE23;&#xE23;&#xE21;&#xE40;&#xE19;&#xE35;&#xE22;&#xE21;&#xE28;&#xE32;&#xE25;&#xE2B;&#xE23;&#xE37;&#xE2D;&#xE44;&#xE21;&#xE48;? -- &#xE22;&#xE37;&#xE48;&#xE19;&#xE04;&#xE33;&#xE1F;&#xE49;&#xE2D;&#xE07;&#xE04;&#xE14;&#xE35;&#xE1B;&#xE01;&#xE04;&#xE23;&#xE2D;&#xE07;&#xE44;&#xE14;&#xE49;&#xE17;&#xE35;&#xE48;&#xE43;&#xE14;?.</subfield>
  </datafield>
  <datafield tag="610" ind1="2" ind2="4">
    <subfield code="9">17633</subfield>
    <subfield code="a">&#xE28;&#xE32;&#xE25;&#xE1B;&#xE01;&#xE04;&#xE23;&#xE2D;&#xE07; </subfield>
    <subfield code="x">&#xE23;&#xE27;&#xE21;&#xE40;&#xE23;&#xE37;&#xE48;&#xE2D;&#xE07;</subfield>
  </datafield>
  <datafield tag="650" ind1=" " ind2="4">
    <subfield code="9">10762</subfield>
    <subfield code="a">&#xE04;&#xE14;&#xE35;&#xE1B;&#xE01;&#xE04;&#xE23;&#xE2D;&#xE07;</subfield>
    <subfield code="x">&#xE04;&#xE27;&#xE32;&#xE21;&#xE23;&#xE39;&#xE49;&#xE17;&#xE31;&#xE48;&#xE27;&#xE44;&#xE1B;</subfield>
  </datafield>
  <datafield tag="650" ind1=" " ind2="4">
    <subfield code="a">&#xE27;&#xE34;&#xE18;&#xE35;&#xE1E;&#xE34;&#xE08;&#xE32;&#xE23;&#xE13;&#xE32;&#xE04;&#xE14;&#xE35;&#xE1B;&#xE01;&#xE04;&#xE23;&#xE2D;&#xE07;</subfield>
    <subfield code="z">&#xE44;&#xE17;&#xE22;</subfield>
    <subfield code="9">27130</subfield>
  </datafield>
  <datafield tag="650" ind1=" " ind2="4">
    <subfield code="a">&#xE01;&#xE32;&#xE23;&#xE23;&#xE49;&#xE2D;&#xE07;&#xE17;&#xE38;&#xE01;&#xE02;&#xE4C; (&#xE27;&#xE34;&#xE18;&#xE35;&#xE1E;&#xE34;&#xE08;&#xE32;&#xE23;&#xE13;&#xE32;&#xE04;&#xE14;&#xE35;&#xE1B;&#xE01;&#xE04;&#xE23;&#xE2D;&#xE07;)  </subfield>
    <subfield code="9">43054</subfield>
  </datafield>
  <datafield tag="850" ind1=" " ind2=" ">
    <subfield code="a">NALT</subfield>
  </datafield>
  <datafield tag="942" ind1=" " ind2=" ">
    <subfield code="2">local</subfield>
    <subfield code="c">LB</subfield>
  </datafield>
  <datafield tag="996" ind1=" " ind2=" ">
    <subfield code="a">phornvitoo</subfield>
    <subfield code="b">CATSTF	</subfield>
    <subfield code="c">2025-02-22</subfield>
  </datafield>
  <datafield tag="999" ind1=" " ind2=" ">
    <subfield code="c">100138</subfield>
    <subfield code="d">100138</subfield>
  </datafield>
  <datafield tag="998" ind1=" " ind2=" ">
    <subfield code="j">3099</subfield>
    <subfield code="k"> &#xE1E;&#xE23;&#xE27;&#xE34;&#xE17;&#xE39;  &#xE42;&#xE04;&#xE49;&#xE27;&#xE04;&#xE0A;&#xE32;&#xE20;&#xE23;&#xE13;&#xE4C;</subfield>
  </datafield>
  <datafield tag="952" ind1=" " ind2=" ">
    <subfield code="0">0</subfield>
    <subfield code="1">0</subfield>
    <subfield code="2">local</subfield>
    <subfield code="4">0</subfield>
    <subfield code="7">0</subfield>
    <subfield code="8">CSEN</subfield>
    <subfield code="a">NALT</subfield>
    <subfield code="b">NALT</subfield>
    <subfield code="c">LAW</subfield>
    <subfield code="d">2022-05-23</subfield>
    <subfield code="o">KE 151 &#xE28;365&#xE02; 2555</subfield>
    <subfield code="p">0100006706001</subfield>
    <subfield code="r">2022-05-23 00:00:00</subfield>
    <subfield code="w">2022-05-23</subfield>
    <subfield code="y">LB</subfield>
  </datafield>
</record>
